Catalog

Record Details

Catalog Search



Early childhood education and care in Europe : tackling social and cultural inequalities

Record details

  • ISBN: 978-92-9201-007-2
  • Physical Description: 186 s. : mapy ; 27 cm
  • Publisher: Brussels : Eurydice, 2009

Content descriptions

General Note:
Nad názvem: Eurydice, Eacea
Subject: děti předškolního věku
předškolní výchova
sociální nerovnost
vzdělávací politika
preschool children
preschool education
social inequality
educational policy
Evropa
Genre: studijně rozborové zprávy

Available copies

  • 1 of 1 copy available at Common Catalog SPOK.

Holds

  • 0 current holds with 1 total copy.
Show Only Available Copies
Location Call Number / Copy Notes Barcode Shelving Location Status Due Date
Jabok Library Ped-3.5.1/E 424480023987 Odborná literatura Available -

LDR 02107cam a22005897a 4500
0012639
003CZ-PrJAB
00520160210155027.0
007ta
008090819s2009 be bd fr 000 0 eng d
020 . ‡a978-92-9201-007-2 ‡q(brož.)
035 . ‡a(CZ PrSKC)000154513
040 . ‡aABA006 ‡bcze ‡cABA006 ‡dABA006
072 7. ‡a373.2/.3 ‡xPředškolní a primární výchova a vzdělávání ‡2Konspekt ‡922
080 . ‡a316.346.32-053.4 ‡2MRF
080 . ‡a373.2 ‡2MRF
080 . ‡a364.614 ‡2MRF
080 . ‡a37.014.5 ‡2MRF
080 . ‡a(4) ‡2MRF
24500. ‡aEarly childhood education and care in Europe : ‡btackling social and cultural inequalities
260 . ‡aBrussels : ‡bEurydice, ‡c2009
300 . ‡a186 s. : ‡bmapy ; ‡c27 cm
500 . ‡aNad názvem: Eurydice, Eacea
65007. ‡aděti předškolního věku ‡7ph119710 ‡2czenas
65007. ‡apředškolní výchova ‡7ph124887 ‡2czenas
65007. ‡asociální nerovnost ‡7ph125796 ‡2czenas
65007. ‡avzdělávací politika ‡7ph127308 ‡2czenas
65009. ‡apreschool children ‡2eczenas
65009. ‡apreschool education ‡2eczenas
65009. ‡asocial inequality ‡2eczenas
65009. ‡aeducational policy ‡2eczenas
651 7. ‡aEvropa ‡7ge137210 ‡2czenas
655 4. ‡astudijně rozborové zprávy
7102 . ‡aEURYDICE (organizace) ‡7kn20010711074
7102 . ‡aEducation, Audiovisual & Culture Executive Agency ‡7pna2009497738
910 . ‡aABG312
901 . ‡a2639 ‡bUnknown ‡c2639 ‡tbiblio

Additional Resources